Planning the post-industrial city /

Bibliographic Details
Main Author: Perloff, Harvey S.
Corporate Author: American Planning Association
Format: Book
Language:English
Published: Washington, D.C. : Planners Press, American Planning Association, [1980]
Subjects:

MARC

Tag First Indicator Second Indicator Subfields
LEADER 00000cam a2200000 a 4500
001 in00000085602
005 20151008053229.0
008 810720s1980 dcua b 00110 eng d
010 |a  80067753  
020 |a 0918286212 
035 |a (OCoLC)07598737 
035 |9 AAH6745AM 
040 |a CPS  |c CPS  |d OCL  |d TXA  |d UtOrBLW 
043 |a n-us--- 
049 |a TXAM  |c [1655764] 
090 |a HT167  |b  P42 
100 1 |a Perloff, Harvey S. 
245 1 0 |a Planning the post-industrial city /  |c by Harvey S. Perloff. 
264 1 |a Washington, D.C. :  |b Planners Press, American Planning Association,  |c [1980] 
264 4 |c ©1980 
300 |a xiv, 327 pages :  |b illustrations ;  |c 24 cm. 
336 |a text  |b txt  |2 rdacontent 
337 |a unmediated  |b n  |2 rdamedia 
338 |a volume  |b nc  |2 rdacarrier 
500 |a Includes index. 
504 |a Bibliography: pages 299-318. 
650 0 |a City planning  |z United States. 
710 2 |a American Planning Association. 
999 |a MARS 
999 f f |s 27d1a7e6-0054-38ca-bad4-7230ca0ddc58  |i e8d7a2ce-8bda-3597-b219-aa3e131d3027  |t 0 
952 f f |p ric  |a Texas A&M University  |b Rellis Campus  |c Joint Library Facility  |d Remote Storage  |t 0  |e HT167 P42  |h Library of Congress classification  |i unmediated -- volume  |m A14806048516 
998 f f |a HT167 P42  |t 0  |l Remote Storage